000 00311nam a22001337a 4500
003 SGT
020 _a9789349202795
082 _a371.3,YAD
100 _aYADAV, PRIYANKA
245 _aLEARNING TEACHING AND ASSESSMENT
260 _aNEW DELHI
_bV. R BOOK INTERNATIONAL
_c2025
300 _a262
942 _2ddc
_cBK
999 _c33233
_d33233